00672nam a2200241 a 4500001001300000003000900013005001700022008004100039020000800080082001300088100002500101245004100126260003200167300000900199500003500208505001000243650001500253700002500268902000800293942000700301952010900308999001300417nice12345678IN_TiNIC20260116011257.0050524s1962 bosa grp 000 0 eng  ac000a190bHOF aHofsdtadter, Richard aSocial Darwinism in American Thought aBostonbBeacon Press c1962 a248p aincludes index and biblioraphy2 aIndex aLiberalism1 aHofsdtadter, Richard bSRS cBK 001040708StackRoom-aHMIbHMId2005-05-24g0.00l0o190 HOFp02233r2005-05-24v0.00w2005-05-24yBK c100d100